000
00229nam a22001097a 4500
082
_a
808.3 BUT'H
100
_a
BUTTERWORTH, W. E
_9
79975
245
_a
HOT SEAT
260
_a
NEWYORK
_b
SIGNET
_c
1961
300
_a
128P
942
_c
BK
999
_c
584953
_d
584953